Loading...
Social Science | 0 | 12 | 1 | 1 | 115 | 20 | 81.58 | 3 | 5 |
Fine Arts - Classical Music | 0 | 10 | 2 | 1 | 90 | 17 | 87.30 | 3 | 5 |
Any History | 0 | 9 | 1 | 0 | 85 | 76 | 117.33 | 0 | 1 |
History - European History | 0 | 8 | 0 | 2 | 80 | 68 | 108.63 | 0 | 2 |
Religion | 0 | 7 | 0 | 1 | 70 | 59 | 101.86 | 0 | 0 |
Philosophy | 0 | 8 | 3 | 3 | 65 | 81 | 120.38 | 0 | 1 |
History - American History | 0 | 5 | 0 | 1 | 50 | 101 | 112.40 | 0 | 0 |
Fine Arts - Other Fine Arts | 0 | 5 | 1 | 0 | 45 | 83 | 100.40 | 1 | 1 |
Geography | 0 | 5 | 2 | 1 | 40 | 66 | 83.00 | 1 | 2 |
History - World History | 0 | 4 | 1 | 0 | 35 | 111 | 112.00 | 0 | 0 |
Literature - European Literature | 0 | 3 | 0 | 1 | 30 | 128 | 140.00 | 0 | 0 |
Other Academic | 0 | 3 | 1 | 0 | 25 | 86 | 100.00 | 0 | 1 |
Painting & Sculpture | 0 | 3 | 1 | 0 | 25 | 99 | 114.00 | 0 | 0 |
Mythology | 0 | 2 | 0 | 0 | 20 | 89 | 100.50 | 0 | 0 |
Current Events | 0 | 1 | 0 | 0 | 10 | 87 | 87.00 | 0 | 1 |